000 00337nam a22001337a 4500
008 180118b xxu||||| |||| 00| 0 eng d
020 _a2900314166653
041 _aeng
080 _23 ED
_a34
100 _a14
101 _aJUR
245 _aCRIMINAL PROCEDURE PRINCIPLES POLICIES AND PERSPECTIVES
_cTHOMAS.G.C
942 _2udc
_cBK
999 _c40486
_d40486